000 01923nam0a2200325 i 4500
001 RU\NLR\bibl\2044429
005 20260408102916.0
010 _a9785999915771
_9300
021 _aRU
_b2013-38796
_92667
035 _a(NLR Aleph) 002031650
090 _a4553348
_c4553348
100 _a20130618d2013 k y0rusy50 ca
101 0 _arus
102 _aRU
105 _ay |||||||||
200 1 _aРеволюция как цивилизационный феномен: история, уроки, современность
_eматериалы шестой Международной научно-практической конференции, 9 ноября 2012 года
_f[редкол.: А.А. Солдаткин, к.э.н. и др.]
210 _aБалаково
_aСаратов
_cНаука
_d2013
215 _a202 с.
_d20
300 _aВ надзаг.: Федер. гос. бюджет. образоват. учреждение высш. проф. образования Рос. акад. нар. хоз-ва и гос. службы при Президенте Рос. Федерации, Балак. фил.
320 _aБиблиогр. в конце докл.
606 _aРеволюции
_jСъезды, совещания и т.п.
_91207079
_3RU\NLR\auth\66489557
686 _aТ3(0)0-4я431
686 _aФ011.1я431
702 1 _aСолдаткин
_bА. А.
_gАндрей Александрович
_4340
711 1 2 _a"Революция как цивилизационный феномен: история, уроки, современность", международная научно-практическая конференция
_d6
_eБалаково
_f2012
_9369954
_3RU\NLR\AUTH\8810242041
801 0 _aRU
_bNLR
_c20130618
_gRCR
801 1 _aRU
_bNLR
_c20130618
942 _cBOOK
980 _aNBR